<?xml version="1.0" encoding="UTF-8"?>
<collection xmlns="http://www.loc.gov/MARC21/slim">
 <record>
  <leader>01486pamaa2200241   4500</leader>
  <controlfield tag="001">0000043280</controlfield>
  <controlfield tag="005">20121212090000.0</controlfield>
  <controlfield tag="008">080201                             eng  </controlfield>
  <datafield tag="020" ind1="0" ind2="0">
   <subfield code="a">0763741507 (pbk.) </subfield>
  </datafield>
  <datafield tag="090" ind1="0" ind2="0">
   <subfield code="a">RA781 </subfield>
   <subfield code="b">THO 2007</subfield>
  </datafield>
  <datafield tag="100" ind1="1" ind2="0">
   <subfield code="a">Thomas </subfield>
  </datafield>
  <datafield tag="245" ind1="1" ind2="0">
   <subfield code="a">Physical activity &amp; health : </subfield>
   <subfield code="b">an interactive approach  </subfield>
   <subfield code="c">David Q.Thomas, Jerome E. Kotecki.</subfield>
  </datafield>
  <datafield tag="250" ind1="0" ind2="0">
   <subfield code="a">2nd. ed.</subfield>
  </datafield>
  <datafield tag="260" ind1="0" ind2="0">
   <subfield code="a">Sudbury, Mass.: </subfield>
   <subfield code="b">Jones and Bartlett, </subfield>
   <subfield code="c">2007.</subfield>
  </datafield>
  <datafield tag="300" ind1=" " ind2=" ">
   <subfield code="a">xix, 436 p.: </subfield>
   <subfield code="b">col. ill.; </subfield>
   <subfield code="c">27 cm.</subfield>
  </datafield>
  <datafield tag="500" ind1="0" ind2="0">
   <subfield code="a">The physical activity and health connection -- Foundations of physical activity -- Understanding and enhancing health behaviors -- The heart of physical activity : cardiovascular health -- Physical inactivity and cardiovascular disease -- The role of physical activity in preventing diabetes and cancer -- Optimal nutrition for an  active lifestyle -- Metabolic health -- Achieving and maintaining a healthy weight -- Achieving optimal bone health -- Muscular strength and endurance -- Stretching and  flexibility -- Understanding mental health, stress, and physical activity -- Making informed decisions about substance abuse -- Exercise consumerism -- Developing healthy sexual and intimate relationships -- Preventing sexually transmitted diseases</subfield>
  </datafield>
  <datafield tag="501" ind1="0" ind2="0">
   <subfield code="a">SAH</subfield>
  </datafield>
  <datafield tag="504" ind1="0" ind2="0">
   <subfield code="a">Includes bibliographical references and index</subfield>
  </datafield>
  <datafield tag="650" ind1="0" ind2="0">
   <subfield code="a">Physical fitness </subfield>
  </datafield>
  <datafield tag="650" ind1="0" ind2="0">
   <subfield code="a">Exercise </subfield>
  </datafield>
  <datafield tag="650" ind1="0" ind2="0">
   <subfield code="a">Heath care </subfield>
  </datafield>
  <datafield tag="700" ind1="1" ind2="1">
   <subfield code="a">Kotecki, </subfield>
   <subfield code="h">Jerome Edward </subfield>
  </datafield>
  <datafield tag="901" ind1=" " ind2=" ">
   <subfield code="u">http://www.jbpub.com</subfield>
  </datafield>
 </record>
</collection>
